Europe Capitals - Statistics

General Stats
  • This quiz has been taken 18 times
  • The average score is 37 of 51
Answer Stats
Hint Answer % Correct
Ireland Dublin
94%
Greece Athens
88%
Germany Berlin
88%
Belguim Brussels
88%
Hungary Budapest
88%
Denmark Copenhagen
88%
Ukraine Kyiv
88%
United Kingdom London
88%
Spain Madrid
88%
Monaco Monaco
88%
Russia Moscow
88%
Norway Oslo
88%
France Paris
88%
Italy Rome
88%
Sweden Stockholm
88%
Austria Vienna
88%
Poland Warsaw
88%
Switzerland Bern
81%
Romania Bucharest
81%
Finland Helsinki
81%
Luxembourg Luxembourg
81%
Vatican City Vatican City
81%
Netherlands Amsterdam
75%
Turkey Ankara
75%
Portugal Lisbon
75%
Belarus Minsk
75%
Latvia Riga
75%
San Marino San Marino
75%
Croatia Zagreb
75%
Azerbaijan Baku
69%
Slovakia Bratislava
69%
Czech Republic Prague
69%
Iceland Reykjavik
69%
Bulgaria Sofia
69%
Estonia Tallinn
69%
Andorra Andorra La Vella
63%
Serbia Belgrade
63%
Bosnia and Herzegovina Sarajevo
63%
Albania Tirana
63%
Slovenia Ljubljana
56%
Cyprus Nicosia
56%
North Macedonia Skopje
56%
Lithuania Vilnius
56%
Georgia Tbilisi
50%
Liechtenstein Vaduz
50%
Kazakhstan Astana
44%
Malta Valletta
44%
Moldova Chisinau
38%
Montenegro Podgorica
38%
Kosovo Pristina
38%
Armenia Yerevan
38%
No matching quizzes found
Score Distribution
Percent of People with Each Score
Percentile by Number Answered
Your Score History
You have not taken this quiz